<?xml version="1.0" encoding="UTF-8"?>
<record
    xmlns:xsi="http://www.w3.org/2001/XMLSchema-instance"
    xsi:schemaLocation="http://www.loc.gov/MARC21/slim http://www.loc.gov/standards/marcxml/schema/MARC21slim.xsd"
    xmlns="http://www.loc.gov/MARC21/slim">

  <leader>02490nam a22002777a 4500</leader>
  <controlfield tag="001"> 102829 </controlfield>
  <controlfield tag="003">UA-OsUOA</controlfield>
  <controlfield tag="005">20260514161609.0</controlfield>
  <controlfield tag="007">ta</controlfield>
  <controlfield tag="008">20131003b un ||un c|||| 00| 0 ukrpdukr d</controlfield>
  <datafield tag="040" ind1=" " ind2=" ">
    <subfield code="a">UA-OsUOA</subfield>
    <subfield code="b">ukr</subfield>
    <subfield code="c">UA-OsUOA</subfield>
    <subfield code="d">UA-OsUOA</subfield>
  </datafield>
  <datafield tag="041" ind1=" " ind2=" ">
    <subfield code="a">ukr</subfield>
  </datafield>
  <datafield tag="080" ind1=" " ind2=" ">
    <subfield code="a">821.161.2(460)</subfield>
  </datafield>
  <datafield tag="090" ind1=" " ind2=" ">
    <subfield code="a">821.161.2(460)</subfield>
    <subfield code="b">&#x41B;78</subfield>
  </datafield>
  <datafield tag="100" ind1=" " ind2=" ">
    <subfield code="a">&#x41B;&#x43E;&#x440;&#x43A;&#x430; &#x424;. &#x413;.</subfield>
    <subfield code="9">25244</subfield>
  </datafield>
  <datafield tag="245" ind1=" " ind2=" ">
    <subfield code="a">&#x41B;&#x456;&#x440;&#x438;&#x43A;&#x430;</subfield>
    <subfield code="c">&#x43F;&#x435;&#x440;&#x435;&#x43A;&#x43B;. &#x437; &#x456;&#x441;&#x43F;&#x430;&#x43D;., &#x43F;&#x440;&#x438;&#x43C;&#x456;&#x442;. &#x41C;&#x438;&#x43A;&#x43E;&#x43B;&#x430; &#x41B;&#x443;&#x43A;&#x430;&#x448;</subfield>
  </datafield>
  <datafield tag="260" ind1=" " ind2=" ">
    <subfield code="a">&#x41A;.</subfield>
    <subfield code="b">&#x414;&#x43D;&#x456;&#x43F;&#x440;&#x43E;</subfield>
    <subfield code="c">1969</subfield>
  </datafield>
  <datafield tag="300" ind1=" " ind2=" ">
    <subfield code="a">319 &#x441;.</subfield>
  </datafield>
  <datafield tag="490" ind1=" " ind2=" ">
    <subfield code="a">&#x41F;&#x435;&#x440;&#x43B;&#x438;&#x43D;&#x438; &#x441;&#x432;&#x456;&#x442;&#x43E;&#x432;&#x43E;&#x457; &#x43B;&#x456;&#x440;&#x438;&#x43A;&#x438;</subfield>
  </datafield>
  <datafield tag="520" ind1=" " ind2=" ">
    <subfield code="a">&#x417;&#x431;&#x456;&#x440;&#x43A;&#x430; &#x432;&#x456;&#x434;&#x43A;&#x440;&#x438;&#x432;&#x430;&#x454; &#x443;&#x43A;&#x440;&#x430;&#x457;&#x43D;&#x441;&#x44C;&#x43A;&#x43E;&#x43C;&#x443; &#x447;&#x438;&#x442;&#x430;&#x447;&#x435;&#x432;&#x456; &#x43F;&#x440;&#x438;&#x441;&#x442;&#x440;&#x430;&#x441;&#x43D;&#x438;&#x439;, &#x43C;&#x443;&#x437;&#x438;&#x447;&#x43D;&#x438;&#x439; &#x442;&#x430; &#x433;&#x43B;&#x438;&#x431;&#x43E;&#x43A;&#x43E; &#x43C;&#x456;&#x444;&#x43E;&#x43B;&#x43E;&#x433;&#x456;&#x447;&#x43D;&#x438;&#x439; &#x441;&#x432;&#x456;&#x442; &#x424;&#x435;&#x434;&#x435;&#x440;&#x456;&#x43A;&#x43E; &#x413;&#x430;&#x440;&#x441;&#x456;&#x457; &#x41B;&#x43E;&#x440;&#x43A;&#x438; (1898&#x2013;1936) &#x2014; &#x43E;&#x434;&#x43D;&#x43E;&#x433;&#x43E; &#x437; &#x43D;&#x430;&#x439;&#x44F;&#x441;&#x43A;&#x440;&#x430;&#x432;&#x456;&#x448;&#x438;&#x445; &#x43F;&#x43E;&#x435;&#x442;&#x456;&#x432; &#x456; &#x434;&#x440;&#x430;&#x43C;&#x430;&#x442;&#x443;&#x440;&#x433;&#x456;&#x432; &#x406;&#x441;&#x43F;&#x430;&#x43D;&#x456;&#x457;, &#x43A;&#x43B;&#x44E;&#x447;&#x43E;&#x432;&#x43E;&#x457; &#x43F;&#x43E;&#x441;&#x442;&#x430;&#x442;&#x456; &#xAB;&#x41F;&#x43E;&#x43A;&#x43E;&#x43B;&#x456;&#x43D;&#x43D;&#x44F; 27 &#x440;&#x43E;&#x43A;&#x443;&#xBB;. &#x414;&#x43E; &#x43A;&#x43D;&#x438;&#x433;&#x438; &#x443;&#x432;&#x456;&#x439;&#x448;&#x43B;&#x438; &#x432;&#x438;&#x431;&#x440;&#x430;&#x43D;&#x456; &#x442;&#x432;&#x43E;&#x440;&#x438; &#x437; &#x439;&#x43E;&#x433;&#x43E; &#x43D;&#x430;&#x439;&#x432;&#x430;&#x436;&#x43B;&#x438;&#x432;&#x456;&#x448;&#x438;&#x445; &#x437;&#x431;&#x456;&#x440;&#x43E;&#x43A; &#x456; &#x43F;&#x43E;&#x435;&#x442;&#x438;&#x447;&#x43D;&#x438;&#x445; &#x446;&#x438;&#x43A;&#x43B;&#x456;&#x432;, &#x441;&#x435;&#x440;&#x435;&#x434; &#x44F;&#x43A;&#x438;&#x445; &#xAB;&#x41A;&#x43D;&#x438;&#x433;&#x430; &#x43F;&#x43E;&#x435;&#x437;&#x456;&#x439;&#xBB;, &#xAB;&#x41F;&#x43E;&#x435;&#x43C;&#x430; &#x433;&#x43B;&#x438;&#x431;&#x43E;&#x43A;&#x43E;&#x433;&#x43E; &#x441;&#x43F;&#x456;&#x432;&#x443;&#xBB;, &#xAB;&#x41F;&#x456;&#x441;&#x43D;&#x456;&#xBB;, &#xAB;&#x426;&#x438;&#x433;&#x430;&#x43D;&#x441;&#x44C;&#x43A;&#x438;&#x439; &#x431;&#x430;&#x43B;&#x430;&#x434;&#x43D;&#x438;&#x43A;&#xBB; &#x442;&#x430; &#xAB;&#x422;&#x430;&#x43C;&#x430;&#x440;&#x438;&#x442;&#x44F;&#x43D;&#x441;&#x44C;&#x43A;&#x438;&#x439; &#x434;&#x438;&#x432;&#x430;&#x43D;&#xBB;. &#x41F;&#x43E;&#x435;&#x437;&#x456;&#x44F; &#x41B;&#x43E;&#x440;&#x43A;&#x438; &#x43F;&#x43E;&#x454;&#x434;&#x43D;&#x443;&#x454; &#x432; &#x441;&#x43E;&#x431;&#x456; &#x430;&#x43D;&#x434;&#x430;&#x43B;&#x443;&#x437;&#x44C;&#x43A;&#x438;&#x439; &#x444;&#x43E;&#x43B;&#x44C;&#x43A;&#x43B;&#x43E;&#x440; (&#x43A;&#x430;&#x43D;&#x442;&#x435; &#x445;&#x43E;&#x43D;&#x434;&#x43E;), &#x435;&#x43B;&#x435;&#x43C;&#x435;&#x43D;&#x442;&#x438; &#x430;&#x432;&#x430;&#x43D;&#x433;&#x430;&#x440;&#x434;&#x443;, &#x442;&#x435;&#x43C;&#x438; &#x442;&#x440;&#x430;&#x433;&#x456;&#x447;&#x43D;&#x43E;&#x457; &#x434;&#x43E;&#x43B;&#x456;, &#x43A;&#x43E;&#x445;&#x430;&#x43D;&#x43D;&#x44F;, &#x441;&#x43C;&#x435;&#x440;&#x442;&#x456; &#x442;&#x430; &#x43D;&#x435;&#x441;&#x442;&#x440;&#x438;&#x43C;&#x43D;&#x43E;&#x457; &#x436;&#x430;&#x433;&#x438; &#x434;&#x43E; &#x436;&#x438;&#x442;&#x442;&#x44F;.
&#x423;&#x432;&#x435;&#x441;&#x44C; &#x43A;&#x43E;&#x43C;&#x43F;&#x43B;&#x435;&#x43A;&#x441; &#x440;&#x43E;&#x431;&#x456;&#x442; &#x2014; &#x444;&#x456;&#x43B;&#x456;&#x433;&#x440;&#x430;&#x43D;&#x43D;&#x456; &#x43F;&#x435;&#x440;&#x435;&#x43A;&#x43B;&#x430;&#x434;&#x438; &#x437; &#x456;&#x441;&#x43F;&#x430;&#x43D;&#x441;&#x44C;&#x43A;&#x43E;&#x457; &#x43C;&#x43E;&#x432;&#x438; &#x442;&#x430; &#x491;&#x440;&#x443;&#x43D;&#x442;&#x43E;&#x432;&#x43D;&#x456; &#x43A;&#x43E;&#x43C;&#x435;&#x43D;&#x442;&#x430;&#x440;&#x456; &#x439; &#x43F;&#x440;&#x438;&#x43C;&#x456;&#x442;&#x43A;&#x438; &#x2014; &#x432;&#x438;&#x43A;&#x43E;&#x43D;&#x430;&#x432; &#x433;&#x435;&#x43D;&#x456;&#x430;&#x43B;&#x44C;&#x43D;&#x438;&#x439; &#x443;&#x43A;&#x440;&#x430;&#x457;&#x43D;&#x441;&#x44C;&#x43A;&#x438;&#x439; &#x43F;&#x435;&#x440;&#x435;&#x43A;&#x43B;&#x430;&#x434;&#x430;&#x447; &#x41C;&#x438;&#x43A;&#x43E;&#x43B;&#x430; &#x41B;&#x443;&#x43A;&#x430;&#x448;. &#x417;&#x430;&#x432;&#x434;&#x44F;&#x43A;&#x438; &#x439;&#x43E;&#x433;&#x43E; &#x43C;&#x43E;&#x432;&#x43D;&#x456;&#x439; &#x456;&#x43D;&#x442;&#x443;&#x457;&#x446;&#x456;&#x457; &#x442;&#x430; &#x431;&#x430;&#x433;&#x430;&#x442;&#x441;&#x442;&#x432;&#x443; &#x443;&#x43A;&#x440;&#x430;&#x457;&#x43D;&#x441;&#x44C;&#x43A;&#x43E;&#x433;&#x43E; &#x441;&#x43B;&#x43E;&#x432;&#x430; (&#x43D;&#x430;&#x43F;&#x440;&#x438;&#x43A;&#x43B;&#x430;&#x434;, &#x43F;&#x435;&#x440;&#x435;&#x43A;&#x43B;&#x430;&#x434;&#x443; &#x43E;&#x431;&#x440;&#x430;&#x437;&#x443; &#x41C;&#x456;&#x441;&#x44F;&#x446;&#x44F; &#x44F;&#x43A; &#xAB;&#x446;&#x430;&#x440;&#x456;&#x432;&#x43D;&#x438; &#x41C;&#x456;&#x441;&#x44F;&#x446;&#x456;&#x432;&#x43D;&#x438;&#xBB;) &#x432;&#x438;&#x434;&#x430;&#x43D;&#x43D;&#x44F; &#x441;&#x442;&#x430;&#x43B;&#x43E; &#x441;&#x43F;&#x440;&#x430;&#x432;&#x436;&#x43D;&#x456;&#x43C; &#x448;&#x435;&#x434;&#x435;&#x432;&#x440;&#x43E;&#x43C; &#x443;&#x43A;&#x440;&#x430;&#x457;&#x43D;&#x441;&#x44C;&#x43A;&#x43E;&#x457; &#x43F;&#x435;&#x440;&#x435;&#x43A;&#x43B;&#x430;&#x434;&#x430;&#x446;&#x44C;&#x43A;&#x43E;&#x457; &#x448;&#x43A;&#x43E;&#x43B;&#x438;.</subfield>
  </datafield>
  <datafield tag="650" ind1=" " ind2="7">
    <subfield code="a">82 &#x41B;&#x456;&#x442;&#x435;&#x440;&#x430;&#x442;&#x443;&#x440;&#x430;. &#x41B;&#x456;&#x442;&#x435;&#x440;&#x430;&#x442;&#x443;&#x440;&#x43E;&#x437;&#x43D;&#x430;&#x432;&#x441;&#x442;&#x432;&#x43E;</subfield>
    <subfield code="2">UDC</subfield>
    <subfield code="9">15</subfield>
  </datafield>
  <datafield tag="700" ind1="1" ind2=" ">
    <subfield code="a">&#x41B;&#x443;&#x43A;&#x430;&#x448; &#x41C;.</subfield>
    <subfield code="9">25245</subfield>
  </datafield>
  <datafield tag="942" ind1=" " ind2=" ">
    <subfield code="c">BK</subfield>
    <subfield code="2">udc</subfield>
  </datafield>
  <datafield tag="955" ind1=" " ind2=" ">
    <subfield code="a">3</subfield>
  </datafield>
  <datafield tag="999" ind1=" " ind2=" ">
    <subfield code="c">388816</subfield>
    <subfield code="d">388816</subfield>
  </datafield>
  <datafield tag="952" ind1=" " ind2=" ">
    <subfield code="0">0</subfield>
    <subfield code="1">0</subfield>
    <subfield code="2">udc</subfield>
    <subfield code="4">0</subfield>
    <subfield code="7">0</subfield>
    <subfield code="8">C_ZHULYNSKYI</subfield>
    <subfield code="a">101</subfield>
    <subfield code="b">101</subfield>
    <subfield code="d">2013-10-03</subfield>
    <subfield code="e">51/2013</subfield>
    <subfield code="g">7.00</subfield>
    <subfield code="i">143601</subfield>
    <subfield code="l">0</subfield>
    <subfield code="o">821.161.2 &#x41B;78</subfield>
    <subfield code="p">143601</subfield>
    <subfield code="r">2022-02-06 00:00:00</subfield>
    <subfield code="w">2013-10-03</subfield>
    <subfield code="y">BK</subfield>
  </datafield>
  <datafield tag="952" ind1=" " ind2=" ">
    <subfield code="0">0</subfield>
    <subfield code="1">0</subfield>
    <subfield code="2">udc</subfield>
    <subfield code="4">0</subfield>
    <subfield code="7">0</subfield>
    <subfield code="8">C_ZHULYNSKYI</subfield>
    <subfield code="a">101</subfield>
    <subfield code="b">101</subfield>
    <subfield code="d">2018-05-02</subfield>
    <subfield code="e">18/2018</subfield>
    <subfield code="g">7.00</subfield>
    <subfield code="i">158796</subfield>
    <subfield code="l">0</subfield>
    <subfield code="o">821.161.2 &#x41B;78</subfield>
    <subfield code="p">158796</subfield>
    <subfield code="r">2022-08-30 00:00:00</subfield>
    <subfield code="w">2013-10-03</subfield>
    <subfield code="y">BK</subfield>
  </datafield>
  <datafield tag="952" ind1=" " ind2=" ">
    <subfield code="0">0</subfield>
    <subfield code="1">0</subfield>
    <subfield code="2">udc</subfield>
    <subfield code="4">0</subfield>
    <subfield code="7">0</subfield>
    <subfield code="8">C_Shevchuk_V.</subfield>
    <subfield code="a">101</subfield>
    <subfield code="b">101</subfield>
    <subfield code="d">2026-05-14</subfield>
    <subfield code="e">&#x410;&#x43A;&#x442; &#x2116;24/28.04.2026</subfield>
    <subfield code="g">15.00</subfield>
    <subfield code="i">169938</subfield>
    <subfield code="l">0</subfield>
    <subfield code="o">821.161.2(460) &#x41B;78</subfield>
    <subfield code="p">169938</subfield>
    <subfield code="r">2026-05-14 16:13:24</subfield>
    <subfield code="v">15.00</subfield>
    <subfield code="w">2026-05-14</subfield>
    <subfield code="y">BK</subfield>
  </datafield>
</record>
